Central Library OPAC University of Rajshahi
Normal view MARC view

Entry Topical Term

Number of records used in: 1

001 - CONTROL NUMBER

  • control field: 15009

003 - CONTROL NUMBER IDENTIFIER

  • control field: BD-RjUL

005 - DATE AND TIME OF LATEST TRANSACTION

  • control field: 20250216143133.0

008 - FIXED-LENGTH DATA ELEMENTS

  • fixed length control field: 250216|| aca||aabn | a|a d

040 ## - CATALOGING SOURCE

  • Original cataloging agency: BD-RjUL
  • Transcribing agency: BD-RjUL

150 ## - HEADING--TOPICAL TERM

  • Topical term or geographic name entry element: Urdu poetry
  • Geographic subdivision: Pakistan Punjab

670 ## - SOURCE DATA FOUND

  • Source citation: Work cat.: (BD-RjUL)84691: نسیم رضوانی ،محمد باقر ;;Naseem Rizwani, Muhammad Baqir 11896, شعرائے پنجاب، عصر حاضر / Shuʻarā-yi Panjāb, ʻaṣr-i ḥāẓir, 1937